|
|
|
|
| LEADER |
01000naa a2200265 c 4500 |
| 001 |
1899448985 |
| 003 |
DE-627 |
| 005 |
20240823112926.0 |
| 007 |
tu |
| 008 |
240823s2003 xx ||||| 00| ||ger c |
| 035 |
|
|
|a (DE-627)1899448985
|
| 035 |
|
|
|a (DE-599)KXP1899448985
|
| 040 |
|
|
|a DE-627
|b ger
|c DE-627
|e rda
|
| 041 |
|
|
|a ger
|
| 100 |
1 |
|
|a Foitzik, Jan
|d 1948-
|e verfasserin
|0 (DE-588)132484633
|0 (DE-627)522959342
|0 (DE-576)164095543
|4 aut
|
| 245 |
1 |
0 |
|a Sowjetische Hegemonie und Ostintegration
|c Jan Foitzik
|
| 264 |
|
1 |
|c 2003
|
| 336 |
|
|
|a Text
|b txt
|2 rdacontent
|
| 337 |
|
|
|a ohne Hilfsmittel zu benutzen
|b n
|2 rdamedia
|
| 338 |
|
|
|a Band
|b nc
|2 rdacarrier
|
| 773 |
0 |
8 |
|i Enthalten in
|t Vor dem Mauerbau
|d München : Oldenbourg, 2003
|g (2003), Seite 39-57
|h 364 S.
|w (DE-627)361289936
|z 3486645072
|z 9783486645071
|7 nnam
|
| 773 |
1 |
8 |
|g year:2003
|g pages:39-57
|
| 912 |
|
|
|a GBV_USEFLAG_U
|
| 912 |
|
|
|a GBV_ILN_694
|
| 912 |
|
|
|a ISIL_DE-Po82
|
| 912 |
|
|
|a SYSFLAG_1
|
| 912 |
|
|
|a GBV_KXP
|
| 912 |
|
|
|a GBV_ILN_11
|
| 912 |
|
|
|a GBV_ILN_20
|
| 912 |
|
|
|a GBV_ILN_21
|
| 912 |
|
|
|a GBV_ILN_22
|
| 912 |
|
|
|a GBV_ILN_24
|
| 912 |
|
|
|a GBV_ILN_31
|
| 912 |
|
|
|a GBV_ILN_39
|
| 912 |
|
|
|a GBV_ILN_40
|
| 912 |
|
|
|a GBV_ILN_60
|
| 912 |
|
|
|a GBV_ILN_62
|
| 912 |
|
|
|a GBV_ILN_63
|
| 912 |
|
|
|a GBV_ILN_65
|
| 912 |
|
|
|a GBV_ILN_69
|
| 912 |
|
|
|a GBV_ILN_70
|
| 912 |
|
|
|a GBV_ILN_72
|
| 912 |
|
|
|a GBV_ILN_100
|
| 912 |
|
|
|a GBV_ILN_120
|
| 912 |
|
|
|a GBV_ILN_121
|
| 912 |
|
|
|a GBV_ILN_130
|
| 912 |
|
|
|a GBV_ILN_131
|
| 912 |
|
|
|a GBV_ILN_176
|
| 912 |
|
|
|a GBV_ILN_183
|
| 912 |
|
|
|a GBV_ILN_227
|
| 912 |
|
|
|a GBV_ILN_285
|
| 912 |
|
|
|a GBV_ILN_350
|
| 912 |
|
|
|a GBV_ILN_697
|
| 951 |
|
|
|a AR
|
| 952 |
|
|
|j 2003
|h 39-57
|
| 980 |
|
|
|2 694
|1 01
|x 4694
|b 4570011861
|y x
|z 23-08-24
|
| 998 |
|
|
|2 694
|1 01
|x 4694
|0 202408
|